| 000 | 00809cam a22002297a 4500 | ||
|---|---|---|---|
| 001 | 15241047 | ||
| 005 | 20161221173334.0 | ||
| 008 | 080331s2008 enka b 001 0 eng | ||
| 020 | _a9780521875653 (hbk.) | ||
| 020 | _a052187565X (hbk.) | ||
| 082 | 0 | 4 |
_a621.38411 _222 _bHAS |
| 100 | 1 |
_aHaslett, Christopher _q(Christopher J.) _931474 |
|
| 245 | 1 | 0 |
_aEssentials of Radio Wave Propagation / _cChristopher Haslett. |
| 260 |
_aCambridge ; _aNew York : _bCambridge University Press, _c2008. |
||
| 300 |
_axi, 201 p. : _bill. ; _c24 cm. |
||
| 440 | 4 |
_aThe Cambridge wireless essentials series _931475 |
|
| 504 | _aIncludes bibliographical references and index. | ||
| 650 | 0 |
_aWireless communication systems. _931476 |
|
| 653 |
_bEle _cNovember2012 |
||
| 650 | 0 |
_98953 _aRadio wave propagation |
|
| 942 |
_2ddc _cBB |
||
| 999 |
_c17109 _d17081 |
||